=LDR 00000nam 2200000 4500 =001 INLIS000000000032283 =005 20130612134309 =008 ***********************************ind** =035 ##$$a0010-061300000032283 =041 ##$$a ind =082 ##$$a 495.6 =090 ##$$a 495.6, Adi b =100 ##$$a Adimiharja, Mulyana =245 ##$$a Bahasa Jepang Terkini, Mulyana Adimiharja dan Hirishi Masayuki =260 ##$$a 2000 $b Bandung =300 ##$$a 256 hlm., Ilus, 22 cm =650 ##$$a bahasa Jepang =700 ##$$a Masayuki, Hiroshi =850 ##$$a NBPNMAT =990 ##$$a 21400613/BPAP-NTB/20142014